HNK Rijeka All-time top 20 goalscorers - Statistics

General Stats
  • This quiz has been taken 71 times
  • The average score is 8 of 20
Answer Stats
Hint Answer % Correct
Kramarić Andrej Kramarić
98%
Ahmad Sharbini Ahmad Sharbini
87%
Anas Sharbini Anas Sharbini
85%
Benko Leon Benko
85%
Hasančić Admir Hasančić
72%
Desnica Damir Desnica
68%
Đalović Radomir Đalović
48%
Mladenović Mladen Mladenović
43%
Fegic Adriano Fegic
40%
Brkić Senad Brkić
38%
Gračan Nenad Gračan
37%
Kustudić Miodrag Kustudić
32%
Radović Milan Radović
30%
Janković Janko Janković
25%
Bursać Boško Bursać
15%
Veselica Bruno Veselica
12%
Tomić Edmond Tomić
8%
Lukarić Vladimir Lukarić
8%
Gulin Tonči Gulin
5%
Vukoje Nedeljko Vukoje
3%
No matching quizzes found
Score Distribution
Percent of People with Each Score
Percentile by Number Answered
Your Score History
You have not taken this quiz